Normal view
MARC view
- Monks
Entry Topical Term
001 - CONTROL NUMBER
- control field: 27634
003 - CONTROL NUMBER IDENTIFIER
- control field: NUST
005 - DATE AND TIME OF LATEST TRANSACTION
- control field: 20200116094800.0
008 - FIXED-LENGTH DATA ELEMENTS
- fixed length control field: 200116|| aca||aabn | a|a d
040 ## - CATALOGING SOURCE
- Original cataloging agency: NUST
- Transcribing agency: NUST
150 ## - HEADING--TOPICAL TERM
- Topical term or geographic name entry element: Monks
670 ## - SOURCE DATA FOUND
- Source citation: Work cat.: (NUST): Paton Walsh, Jill, 1937- 27632, Knowledge of angels /, 1995.
